Uma vida pela metade (Registo nº 5976)

Detalhes MARC
000 -Etiqueta do registo
Valores 01163cam a2200253 4500
010 ## - Número ISBN
ISBN 9722022857
021 ## - Número do Depósito Legal
Número 188928/02
100 ## - Dados gerais de processamento
Dados gerais 20211231d2002 m||y0pory5003 ba
200 1# - Titulo e menção de responsabilidade
Título próprio Uma vida pela metade
Primeira menção de responsabilidade V. S. Naipaul
Outras menções de responsabilidade trad. Maria João Delgado
205 ## - Menção da edição
Edição 3ª ed.
210 #9 - Publicação
Local de publicação Lisboa
Nome do editor Dom Quixote
Data de publicação 2002
215 ## - Descrição física 
Paginação / Volumes 195, [2] p.
225 2# - Colecção 
Título próprio da colecção Ficção universal
Indicação de volume 298
304 ## - Nota relativa ao título
Texto de nota Tít. orig.: Half a life
330 ## - Sumário ou Resumo
Texto da nota O último romance do Prémio Nobel da Literatura em 2001, V. S. Naipaul (n. 1932, em Trinidade, de origem indiana, e a viver actualmente em Londres).<br/>Num recanto da Índia, longe da agitação anticolonial, um homem desafia a sua herança brâmane e casa-se com uma mulher de uma casta baixa. Desta união, que acabaria por ser desastrosa, nasce Willi Chandran, personagem central deste romance, que tenta encontrar um sentido para a sua vida no exílio.
606 ## - Nome comum usado como assunto
ID Autoridade 13
Palavra de ordem Literatura Estrangeira
675 ## - CDU
Notação 821.111-31"19"
Edição BN
Língua por
700 ## - Autor principal (pessoa individual)
Apelido Naipaul
Nome V. S.
Datas 1932-2018
ID Autoridade 5608
702 ## - Autor secundário (pessoa individual)
Apelido Delgado
Nome Maria João
ID Autoridade 2952
801 ## - Fonte de origem
País PT
Agência BMVN
Regras de catalogação RPC
830 ## - Notas gerais do catalogador
Criado por Inês Silva
Data de criação 31/12/2021
990 ## - Elementos KOHA
Tipo de documento Livro
Exemplares
Situação do levantamento Biblioteca de origem Código de barras Cota Permissão de empréstimo Tipo de documento Forma de aquisição
  Biblioteca Municipal de Vendas Novas 100000028503 LE NAI/VID   Livro  

Powered by Koha